[Event "ODJM C 2025"]
[Site "Willingen GER"]
[Date "2025.06.14"]
[Round "9"]
[White "Volkmann, Alexej"]
[Black "Stepanjan, Gurgen"]
[Result "1-0"]
[Termination "normal"]
[Board "34"]
[WhiteElo "834"]
[BlackElo "751"]
[WhiteClock "01:27:42"]
[BlackClock "01:08:35"]
[PlyCount "73"]
[WhiteFideId "533006644"]
[BlackFideId "34655280"]
[EventCountry "GER"]
[EventRounds "9"]
[EventType "swiss"]
[EventDate "2025.06.07"]

1. d4 {[%clk 01:30:56]} {[%emt 00:00:03]} d5 {[%clk 01:30:53]} {[%emt
00:00:08]} 2. Bf4 {[%clk 01:31:15]} {[%emt 00:00:09]} Nf6 {[%clk 01:31:14]}
{[%emt 00:00:12]} 3. e3 {[%clk 01:31:34]} {[%emt 00:00:11]} e6 {[%clk
01:31:24]} {[%emt 00:00:20]} 4. Nf3 {[%clk 01:31:43]} {[%emt 00:00:21]} c5
{[%clk 01:31:23]} {[%emt 00:00:30]} 5. c4 {[%clk 01:31:40]} {[%emt 00:00:33]}
g6 {[%clk 01:31:19]} {[%emt 00:00:34]} 6. Nc3 {[%clk 01:31:49]} {[%emt
00:00:21]} Ne4 {[%emt 00:01:01]} 7. Nxe4 {[%clk 01:30:59]} {[%emt 00:01:15]}
dxe4 {[%clk 01:31:06]} {[%emt 00:00:17]} 8. Nd2 {[%clk 01:29:55]} {[%emt
00:01:34]} cxd4 {[%clk 01:31:10]} {[%emt 00:00:25]} 9. exd4 {[%clk 01:30:14]}
{[%emt 00:00:12]} Qxd4 {[%emt 00:00:20]} 10. Be3 {[%emt 00:01:16]} Qxb2 {[%clk
01:29:31]} {[%emt 00:00:32]} 11. Nxe4 {[%clk 01:29:15]} {[%emt 00:01:29]} Bg7
{[%clk 01:29:46]} {[%emt 00:00:15]} 12. Rb1 {[%clk 01:27:38]} {[%emt 00:02:07]}
Qc3+ {[%clk 01:29:36]} {[%emt 00:00:39]} 13. Nxc3 {[%clk 01:27:45]} {[%emt
00:00:24]} Bxc3+ {[%clk 01:29:45]} {[%emt 00:00:22]} 14. Bd2 {[%clk 01:28:05]}
{[%emt 00:00:10]} Bxd2+ {[%clk 01:29:20]} {[%emt 00:00:54]} 15. Qxd2 {[%clk
01:28:27]} {[%emt 00:00:08]} b6 {[%emt 00:04:38]} 16. Qc3 {[%clk 01:28:31]}
{[%emt 00:00:22]} O-O {[%clk 01:24:05]} {[%emt 00:00:53]} 17. Bd3 {[%clk
01:28:37]} {[%emt 00:01:11]} Bb7 {[%clk 01:20:57]} {[%emt 00:03:40]} 18. O-O
{[%clk 01:28:39]} {[%emt 00:00:28]} Nd7 {[%emt 00:00:18]} 19. c5 {[%emt
00:00:25]} Nxc5 {[%clk 01:20:26]} {[%emt 00:00:17]} 20. Bc4 {[%clk 01:27:16]}
{[%emt 00:01:54]} Bd5 {[%clk 01:19:25]} {[%emt 00:00:33]} 21. Bxd5 {[%clk
01:27:41]} {[%emt 00:01:03]} exd5 {[%clk 01:19:34]} {[%emt 00:00:20]} 22. Rfd1
{[%clk 01:27:18]} {[%emt 00:00:53]} Ne4 {[%clk 01:19:30]} {[%emt 00:00:34]} 23.
Qd4 {[%clk 01:27:36]} {[%emt 00:00:12]} Rad8 {[%clk 01:19:41]} {[%emt
00:00:19]} 24. f3 {[%clk 01:27:33]} {[%emt 00:00:33]} Ng5 {[%clk 01:19:28]} 25.
h4 {[%clk 01:27:44]} {[%emt 00:01:01]} Ne6 {[%clk 01:19:50]} {[%emt 00:00:10]}
26. Qe5 {[%clk 01:27:35]} {[%emt 00:00:38]} Nc5 {[%clk 01:19:57]} {[%emt
00:00:25]} 27. Rxd5 {[%clk 01:27:28]} {[%emt 00:00:36]} Rxd5 {[%clk 01:20:01]}
{[%emt 00:00:25]} 28. Qxd5 {[%clk 01:27:52]} {[%emt 00:00:06]} Re8 {[%clk
01:19:56]} {[%emt 00:00:36]} 29. g4 {[%clk 01:26:46]} {[%emt 00:01:35]} Kg7
{[%clk 01:07:06]} {[%emt 00:13:13]} 30. g5 {[%clk 01:26:49]} {[%emt 00:00:33]}
h6 {[%clk 01:07:00]} {[%emt 00:00:35]} 31. Qd4+ {[%clk 01:26:36]} {[%emt
00:00:45]} Kh7 {[%clk 01:07:09]} {[%emt 00:00:20]} 32. Qf6 {[%clk 01:26:43]}
{[%emt 00:00:20]} Nd7 {[%clk 01:07:20]} {[%emt 00:00:22]} 33. Qxf7+ {[%clk
01:26:53]} {[%emt 00:00:20]} Kh8 {[%clk 01:07:38]} {[%emt 00:00:13]} 34. Qxe8+
{[%clk 01:27:13]} {[%emt 00:00:10]} Kg7 {[%clk 01:07:55]} {[%emt 00:00:12]} 35.
Qxd7+ {[%clk 01:27:36]} {[%emt 00:00:07]} Kh8 {[%clk 01:08:18]} {[%emt
00:00:06]} 36. Re1 {[%clk 01:27:49]} {[%emt 00:00:17]} Kg8 {[%clk 01:08:35]}
{[%emt 00:00:14]} 37. Re8# {[%clk 01:27:42]} {[%emt 00:00:07]} 1-0

[Event "ODJM C 2025"]
[Site "Willingen GER"]
[Date "2025.06.14"]
[Round "9"]
[White "Neumann, Charlotte"]
[Black "Nyncke, Kilian"]
[Result "0-1"]
[Termination "normal"]
[Board "37"]
[WhiteElo "714"]
[BlackElo "768"]
[WhiteClock "01:34:03"]
[BlackClock "01:29:44"]
[PlyCount "66"]
[WhiteFideId "533043728"]
[BlackFideId "533018057"]
[EventCountry "GER"]
[EventRounds "9"]
[EventType "swiss"]
[EventDate "2025.06.07"]

1. e4 {[%clk 01:30:56]} {[%emt 00:00:03]} e5 {[%clk 01:30:53]} {[%emt
00:00:08]} 2. Nc3 {[%clk 01:31:14]} {[%emt 00:00:11]} Bc5 {[%clk 01:30:56]}
{[%emt 00:00:29]} 3. Nf3 {[%clk 01:31:25]} {[%emt 00:00:18]} Nc6 {[%clk
01:31:15]} {[%emt 00:00:11]} 4. Bb5 {[%clk 01:31:25]} {[%emt 00:00:29]} Nf6
{[%clk 01:31:27]} {[%emt 00:00:19]} 5. d3 {[%clk 01:31:27]} {[%emt 00:00:28]}
O-O {[%clk 01:31:46]} {[%emt 00:00:11]} 6. O-O {[%clk 01:31:47]} {[%emt
00:00:09]} d6 {[%clk 01:32:11]} {[%emt 00:00:05]} 7. Bd2 {[%clk 01:31:47]}
{[%emt 00:00:28]} Be6 {[%clk 01:32:30]} {[%emt 00:00:14]} 8. Qe2 {[%clk
01:31:40]} {[%emt 00:00:37]} Nb4 {[%clk 01:31:37]} {[%emt 00:01:23]} 9. Rac1
{[%clk 01:31:14]} {[%emt 00:00:54]} Ng4 {[%clk 01:31:00]} {[%emt 00:01:09]} 10.
Rfe1 {[%clk 01:31:13]} {[%emt 00:00:30]} c6 {[%clk 01:30:19]} {[%emt 00:01:11]}
11. a3 {[%clk 01:31:13]} {[%emt 00:00:29]} cxb5 {[%clk 01:30:33]} {[%emt
00:00:17]} 12. axb4 {[%clk 01:31:28]} {[%emt 00:00:14]} Bxb4 {[%clk 01:30:49]}
{[%emt 00:00:15]} 13. Nxb5 {[%clk 01:31:50]} {[%emt 00:00:08]} Bxd2 {[%clk
01:30:57]} {[%emt 00:00:22]} 14. Qxd2 {[%clk 01:32:11]} Bd7 {[%clk 01:30:48]}
{[%emt 00:00:47]} 15. h3 {[%clk 01:32:25]} Nh6 {[%clk 01:30:40]} {[%emt
00:00:54]} 16. Kf1 {[%clk 01:32:43]} Bxb5 {[%clk 01:30:54]} {[%emt 00:00:29]}
17. Ra1 {[%clk 01:32:50]} d5 {[%clk 01:30:08]} {[%emt 00:01:39]} 18. Nxe5
{[%clk 01:32:52]} dxe4 {[%clk 01:30:06]} {[%emt 00:00:59]} 19. Rxe4 {[%clk
01:33:12]} Nf5 {[%clk 01:30:16]} {[%emt 00:00:30]} 20. Rf4 {[%clk 01:33:11]}
Nd4 {[%clk 01:30:10]} {[%emt 00:01:09]} 21. c3 {[%clk 01:33:26]} {[%emt
00:00:12]} Nb3 {[%clk 01:30:24]} {[%emt 00:00:18]} 22. Qd1 {[%clk 01:33:39]}
{[%emt 00:00:16]} Nxa1 {[%clk 01:30:43]} {[%emt 00:00:10]} 23. Qxa1 {[%clk
01:33:55]} {[%emt 00:00:15]} Qe7 {[%clk 01:29:20]} {[%emt 00:01:54]} 24. Re4
{[%clk 01:34:11]} {[%emt 00:00:12]} Bxd3+ {[%clk 01:29:12]} {[%emt 00:00:39]}
25. Kg1 {[%clk 01:34:24]} {[%emt 00:00:17]} Bxe4 {[%clk 01:29:27]} {[%emt
00:00:15]} 26. Nc4 {[%clk 01:34:28]} {[%emt 00:00:24]} Qg5 {[%clk 01:29:29]}
{[%emt 00:00:31]} 27. Kf1 {[%clk 01:33:32]} {[%emt 00:01:25]} Bd3+ {[%clk
01:29:46]} {[%emt 00:00:14]} 28. Ke1 {[%clk 01:33:48]} {[%emt 00:00:12]} Bxc4
{[%clk 01:30:00]} {[%emt 00:00:16]} 29. Qa4 {[%clk 01:34:03]} {[%emt 00:00:16]}
Rfe8+ {[%clk 01:30:15]} {[%emt 00:00:16]} 30. Kd1 {[%clk 01:34:11]} {[%emt
00:00:19]} b5 {[%clk 01:30:15]} {[%emt 00:00:33]} 31. Qa5 {[%clk 01:33:44]}
{[%emt 00:00:55]} Qxg2 {[%clk 01:30:07]} {[%emt 00:00:39]} 32. Kc2 {[%clk
01:33:53]} {[%emt 00:00:21]} Re2+ {[%clk 01:29:59]} {[%emt 00:00:39]} 33. Kb1
{[%clk 01:34:03]} {[%emt 00:00:20]} Qg1# {[%clk 01:29:44]} {[%emt 00:00:45]}
0-1